000 00911nam a2200265 a 4500
001 000014403
003 DO-SdBNP
005 20171011125651.0
007 000014403
008 091211d2002 dr 001 0 spa d
040 _aBPMSU
_bspa
_cBPMSU
082 _2
_a972.9304
_bE74s
245 1 0 _aEscritos sobre La Restauración /
_cpresentación Viriato Sención.
260 _aSanto Domingo :
_bCPEP,
_bCentenario,
_c2002.
300 _a333 p. :
_bil., retrs. ;
_c22 cm.
500 _aIncluye referencias bibliográficas y notas al pie de las páginas
650 4 _aLITERATURA DOMINICANA
651 4 _aREPÚBLICA DOMINICANA
_xHISTORIA
_yRESTAURACIÓN, 1863-1865
700 1 _aSención, Viriato
710 _3Comisión Permanente de Efemérides Patrias (República Dominicana)
942 _2ddc
_cBK
945 _aInventariado / 2017 VM
956 _aVMATEO
_b10
_c20150507
_lBPMSU
_h00151
956 _aMFILETO
999 _c7804
_d7804